Manual of Labour Laws in Pakistan: (Record no. 587241)
[ view plain ]
| 000 -LEADER | |
|---|---|
| fixed length control field | 00431nam a22001337a 4500 |
| 082 ## - DEWEY DECIMAL CLASSIFICATION NUMBER | |
| Classification number | 344.0095491 |
| 100 ## - MAIN ENTRY--PERSONAL NAME | |
| Personal name | Khan, Faraz Ahmed |
| 245 ## - TITLE STATEMENT | |
| Title | Manual of Labour Laws in Pakistan: |
| Remainder of title | (with all Amendments and up to date Case Law) / |
| Statement of responsibility, etc. | Faraz Ahmed Khan |
| 260 ## - PUBLICATION, DISTRIBUTION, ETC. | |
| Place of publication, distribution, etc. | Lahore : |
| Name of publisher, distributor, etc. | Imran Law Book House, |
| Date of publication, distribution, etc. | 2021. |
| 300 ## - PHYSICAL DESCRIPTION | |
| Extent | 2268 p. ; |
| Dimensions | 24 cm. |
| 942 ## - ADDED ENTRY ELEMENTS (KOHA) | |
| Source of classification or shelving scheme | |
| Koha item type | Book |
| Withdrawn status | Lost status | Source of classification or shelving scheme | Damaged status | Not for loan | Permanent Location | Current Location | Shelving location | Date acquired | Source of acquisition | Total Checkouts | Full call number | Barcode | Date last seen | Date last checked out | Price effective from | Koha item type |
|---|---|---|---|---|---|---|---|---|---|---|---|---|---|---|---|---|
| NUST Law School (NLS) | NUST Law School (NLS) | Law | 12/08/2021 | Federal Law House | 2 | 344.0095491 KHA | CL-730 | 05/26/2025 | 02/07/2025 | 12/08/2021 | Book |
